01411nam a2200349 a 4500001001000000003000500010005001700015008004100032010001100073011001100084040000900095090001000104100004700114245014500161260004100306500006000347502011200407590003700519590004000556590004000596590004000636650003800676650003300714650005500747856001600802856007000818901000700888942001000895942000600905999001900911952013100930000114708CHAP20220329144454.0180322s2018 mx a fsm |||||||spa d a111169 a112141 cCHAP aTesis1 aCano Villegas, Teresita de Jesús913498710aTipología de hogares agrícolas del Municipio de Tierra Blanca Veracruz, México /h[En línea]cpor Teresita de Jesús Cano Villegas. aChapingo, Méx. :bEl autor,c2018. aPara ver el contenido del material haga clic en la liga aTesis (Maestra en Gestión del Desarrollo Rural) -- UACH. Dirección de Centros Regionales Universitarios aBATCHb00c20181121lUCH01h0759 aE8697GMMb05c20180322lUCH01h1415 aE8697GMMb05c20180322lUCH01h1423 aE8697GMMb05c20180323lUCH01h092114aAgricultura de subsistencia9199814aAgriculturazVeracruz.9194114aDesarrollo de la comunidad ruralxVeracruz.932031 a1 n0001253 aFinding aiduhttp://10.13.5.2/tesis/sist114708.pdfzTeclea aquí aBK cTESIS n0 c111169d111169 00104054718TESISaBCbBCd2018-03-22fTESISl0oTesisp114708-10r2019-12-31 00:00:00w2019-12-31yTESISzRecien adquirido